000
00263nam a2200109Ia 4500
008
230907s9999||||xx |||||||||||||| ||und||
082
_a
5.74
_b
HOF
245
0
_a
Modern database management /
260
_a
Pearson,
_b
Noida :
_c
2019
300
_a
554 p.
942
_c
BK
999
_c
601475
_d
601475